Uvod u operativne sisteme

Salvato in:
Dettagli Bibliografici
Autore principale: Kvaternik, Ratimir
Natura: Libro
Lingua:serbo
Pubblicazione: Zagreb Informator 1983
Tags: Aggiungi Tag
Nessun Tag, puoi essere il primo ad aggiungerne!!

MARC

LEADER 00000nam a2200000 4500
001 c109621
005 20250701083705.1
041 0 |a srp 
044 |a YU 
245 1 0 |a Uvod u operativne sisteme  |c Ratimir Kvaternik 
264 1 |a Zagreb  |b Informator  |c 1983 
300 |a 182 s. 
100 1 |a Kvaternik, Ratimir